000 004670000a22001810004500
003 MACL
005 20150812152935.0
008 150812b xxu||||| |||| 00| 0 eng d
040 _aMACL
_cMACL
041 _aEnglish
082 _a370/RAO
100 _aRao, Dr Usha S
_95036
245 _aExceptional Children-Their Psychology and Education
260 _bSomaiya Publication
_c1987
_aNew Delhi
350 _a50
650 _aeducational
_91164
942 _cBK
_k370
_2ddc
999 _c6596
_d6596